Cesión de derechos: edición sincronizada con las leyes Nos.18.802 y 19.335
Sparad:
| Huvudupphovsman: | |
|---|---|
| Materialtyp: | Bok |
| Språk: | spanska |
| Publicerad: |
Santiago
Jurídica ConoSur
1995
|
| Ämnen: | |
| Taggar: |
Lägg till en tagg
Inga taggar, Lägg till första taggen!
|
MARC
| LEADER | 00000nam a2200000 a 4500 | ||
|---|---|---|---|
| 001 | UCZ0263 | ||
| 003 | CL-VaPUC | ||
| 008 | 950728e19950000CL |||||||||||||||||spa|d | ||
| 082 | 0 | 4 | |a 346.043 |b DIE |2 21 |
| 100 | |a Díez Duarte, Raúl |e autor |9 568197 | ||
| 245 | 1 | 0 | |a Cesión de derechos: edición sincronizada con las leyes Nos.18.802 y 19.335 |
| 300 | |a 297 p | ||
| 942 | |c BK | ||
| 945 | |d 19950728 00:00:00 |a aalvarez | ||
| 260 | |a Santiago |b Jurídica ConoSur |c 1995 | ||
| 650 | 7 | |a CESION DE DERECHOS |2 CL-VaPUC |9 342963 | |
| 583 | |a last modification |c 19950728 00:00:00 |k Rodrigo Vera | ||
| 999 | |c 237219 |d 237217 | ||
| 952 | |0 0 |1 0 |4 0 |6 346_043000000000000_DIE_1995 |7 0 |8 A |9 246082 |a BIBDER |b BIBDER |d 2019-11-18 |i 3114678 |o 346.043 DIE 1995 |p 3114678 |r 2023-01-25 |w 2019-11-18 |y BK |k DER | ||